[Event "Oebro CXU International 2024"]
[Site "Copenhagen"]
[Date "2024.07.23"]
[Round "3.17"]
[White "Hansen, Soren Bech"]
[Black "Weidenhoefer, Max"]
[Result "1-0"]
[WhiteElo "2252"]
[BlackElo "2186"]
[WhiteFideId "1400681"]
[BlackFideId "16230566"]
[EventDate "2024.07.22"]
[EventType "swiss"]
[EventRounds "9"]
[EventCountry "DEN"]
[SourceTitle "Live v. Obro Skakforening"]

1. e4   c6  2. d4   d5  3. Nc3   dxe4  4. Nxe4   Nf6  5. Nxf6+   exf6  6. Bc4   Bd6  7. Qe2+   Qe7  8. Qxe7+   Kxe7  9. Ne2   Be6  10. Bd3  10... a5  11. Bf4   Na6  12. a3   Nc7  13. Bxd6+   Kxd6  14. O-O-O   g6  15. Rhe1   Rhe8  16. Nf4   Re7  17. Kd2   Rae8  18. c4   Bg4  19. f3   Rxe1  20. Rxe1  20... Rxe1  21. Kxe1   Be6  22. Kd2   b6  23. Kc3   Ne8  24. b4   axb4+  25. Kxb4   Ng7  26. c5+   bxc5+  27. dxc5+   Kc7  28. a4   Bf5  29. Bc4   Be6  30. Nxe6+  30... fxe6  31. Kc3   e5  32. g4   g5  33. Kd3   h5  34. h3   hxg4  35. hxg4   Kb7  36. Kc3   Ne8  37. Kd3   Ng7  38. Ke4   Kc7  39. a5   Kb7  40. Bb3  40... Ka6  41. Ba4   Ne6  42. Bxc6   Kxa5  43. Kd5   Nd4  44. Kd6   f5  45. gxf5   Nxf5+  46. Kxe5   Nh4  47. Be4   Kb5  48. Kd6   Ng2  49. c6   Ne3  50. c7  50... Nc4+  51. Ke6   Nb6  52. Bb7   Kc5  53. c8=Q+   Nxc8  54. Bxc8   Kd4  55. Kf5   Kd5 1-0

[Event "Oebro CXU International 2024"]
[Site "Copenhagen"]
[Date "2024.07.23"]
[Round "3.18"]
[White "Thorsen, Adrian Stenstrop"]
[Black "Petersen, Peter Birk"]
[Result "1/2-1/2"]
[WhiteElo "2226"]
[BlackElo "2156"]
[WhiteFideId "1473760"]
[BlackFideId "1401696"]
[EventDate "2024.07.22"]
[EventType "swiss"]
[EventRounds "9"]
[EventCountry "DEN"]
[SourceTitle "Live v. Obro Skakforening"]

1. Nf3   Nf6  2. c4   e6  3. g3   b6  4. Bg2   Bb7  5. O-O   Be7  6. d4   O-O  7. Re1   c5  8. d5   exd5  9. Nh4   Ne4  10. cxd5  10... Bxh4  11. Bxe4   Bf6  12. Nc3   d6  13. Bg2   a6  14. Ne4   Be7  15. Bf4   Qc7  16. Rc1   Nd7  17. Qd3   Rae8  18. h4   f5  19. Ng5   Bxg5  20. hxg5  20... Ne5  21. Bxe5   Rxe5  22. f4   Ree8  23. Kf2   Qf7  24. Rh1   Re7  25. Bf3   Rfe8  26. Rcd1   b5  27. a3   g6  28. Qc3   Qg7  29. Rd3   Qxc3  30. Rxc3  30... a5  31. Ra1   b4  32. axb4   axb4  33. Rcc1   Bc8  34. Ra8   Bb7  35. Ra7   Bc8  36. Rca1   Kf7  37. R1a5   Rxa7  38. Rxa7+   Re7  39. Rxe7+   Kxe7  40. Ke1  40... Kf7  41. Kd2   Ke8 1/2-1/2

[Event "Oebro CXU International 2024"]
[Site "Copenhagen"]
[Date "2024.07.23"]
[Round "3.19"]
[White "Buchal, Stephan"]
[Black "Brorsen, Jacob Abildlund"]
[Result "1-0"]
[WhiteElo "2211"]
[BlackElo "2133"]
[WhiteFideId "4603915"]
[BlackFideId "1411233"]
[EventDate "2024.07.22"]
[EventType "swiss"]
[EventRounds "9"]
[EventCountry "DEN"]
[SourceTitle "Live v. Obro Skakforening"]

1. c4   c6  2. Nf3   Nf6  3. g3   d5  4. Bg2   Bf5  5. Qb3   Qb6  6. d3   e6  7. Be3   Qxb3  8. axb3   a6  9. Nh4   Bg4  10. h3  10... Bh5  11. g4   Bg6  12. Bd2   Nbd7  13. Bc3   Bd6  14. Nd2   e5  15. Nxg6   hxg6  16. g5   d4  17. gxf6   dxc3  18. Ne4   Bf8  19. fxg7   Bxg7  20. bxc3  20... Ke7  21. Kd2   f5  22. Ng3   Rh4  23. Kc2   Rc8  24. b4   Rc7  25. Ra5   Nf8  26. e3   Bf6  27. Ne2   Ne6  28. d4   e4  29. Rd1   Ng5  30. Nf4  30... Kf7  31. Kb3   Rh8  32. d5   cxd5  33. Raxd5   Re8  34. c5   Nf3  35. Rd7+   Re7  36. Rxc7   Rxc7  37. Nd5   Rd7  38. Bxf3   exf3  39. c4   Bh4  40. Rd2  40... g5  41. b5   g4  42. c6   bxc6  43. bxc6   Rd6  44. c7   Rc6  45. hxg4   fxg4  46. Rd4   Bxf2  47. Rxg4   Be1  48. Rf4+   Ke6  49. Rf6+  1-0

[Event "Oebro CXU International 2024"]
[Site "Copenhagen"]
[Date "2024.07.23"]
[Round "3.20"]
[White "Christensen, Stefan"]
[Black "Jain, Sachi"]
[Result "1/2-1/2"]
[WhiteElo "2210"]
[BlackElo "2140"]
[WhiteFideId "1404148"]
[BlackFideId "25974050"]
[EventDate "2024.07.22"]
[EventType "swiss"]
[EventRounds "9"]
[EventCountry "DEN"]
[SourceTitle "Live v. Obro Skakforening"]

1. e4   e5  2. d4   d6  3. Nf3   Nd7  4. Bc4   c6  5. a4   Be7  6. Nc3   h6  7. O-O   Ngf6  8. Re1   Qc7  9. h3   Nf8  10. Be3  10... Ng6  11. Qd2   b6  12. Rad1   Bb7  13. Bb3   Rd8  14. Qe2   O-O  15. dxe5   dxe5  16. Qc4   Qc8  17. Rxd8   Bxd8  18. Qe2   Be7  19. Rd1   Qc7  20. Qd2  20... Bb4  21. Qe2   Bxc3  22. bxc3   Nxe4  23. Bxb6   Nxc3  24. Bxc7   Nxe2+  25. Kh2   e4  26. Ne5   Nc3  27. Rd7   Nd5  28. Bd6   Nxe5  29. Rxb7   Re8  30. Rxa7  30... Re6  31. Bxe5   Rxe5  32. a5   e3  33. fxe3   Rxe3  34. a6   Re1  35. Rb7   Ra1  36. a7   Kh7  37. Rxf7   Kg6  38. Rd7   Ne3  39. Kg3   Ra3  40. Kf2  40... Nd5  41. Ke2   Nc3+  42. Kd3   Nb5  43. Kc4   Nxa7  44. Kc5   Kf6  45. Kb6   Nc8+  46. Kxc6   Ne7+  47. Kc5   Ra5+  48. Kb6   Rg5  49. Rd2   Rg3  50. Ba4  50... Nf5  51. c4   Ne3  52. Rf2+   Ke5  53. c5   Rxg2  54. Rxg2   Nxg2  55. c6   Ne3  56. c7   Nd5+  57. Kb7  1/2-1/2

[Event "Oebro CXU International 2024"]
[Site "Copenhagen"]
[Date "2024.07.24"]
[Round "4.1"]
[White "Rozentalis, Eduardas"]
[Black "Haubro, Martin"]
[Result "0-1"]
[WhiteElo "2480"]
[BlackElo "2400"]
[WhiteFideId "12800023"]
[BlackFideId "1414291"]
[EventDate "2024.07.22"]
[EventType "swiss"]
[EventRounds "9"]
[EventCountry "DEN"]
[SourceTitle "Live v. Obro Skakforening"]

1. e4   c5  2. Nf3   d6  3. Bb5+   Nd7  4. Ba4   Nf6  5. O-O   e6  6. Re1   Be7  7. c3   a6  8. d4   b5  9. Bc2   Bb7  10. Nbd2  10... Qc7  11. Nf1   O-O  12. Ng3   Rfc8  13. Re2   a5  14. d5   exd5  15. exd5   Bf8  16. Nf5   Bxd5  17. Ng5   Re8  18. Bf4   g6  19. Rd2   Nb6  20. Ne3  20... Bb7  21. Bxd6   Bxd6  22. Rxd6   Rad8  23. Rxd8   Rxd8  24. Qe2   c4  25. Rd1   Re8  26. Qd2   Nbd5  27. Nxd5   Bxd5  28. Nh3   Qe5  29. f3   Bb7  30. Nf2  30... Kg7  31. a3   h5  32. h4   b4  33. cxb4   Qxb2  34. bxa5   Qxa3  35. Rb1   Bd5  36. Rb5   c3  37. Qd4   Qc1+  38. Kh2   Qxc2  39. Rxd5   Re2  40. Rd6  40... Qf5  41. Rc6   Rxf2  42. Rxf6   Qxf6  43. Qxf2   Qd6+  44. Kh3   Qd7+  45. g4   hxg4+  46. fxg4   Qd3+  47. Kg2   c2  48. Qe1   Qc4  49. Qc1   Qxg4+  50. Kf2  50... Qxh4+  51. Ke2   Qh5+  0-1

[Event "Oebro CXU International 2024"]
[Site "Copenhagen"]
[Date "2024.07.24"]
[Round "4.2"]
[White "Gomez Aguirre, Juan Alberto"]
[Black "Solodovnichenko, Yuri"]
[Result "0-1"]
[WhiteElo "2322"]
[BlackElo "2481"]
[WhiteFideId "54587867"]
[BlackFideId "14104369"]
[EventDate "2024.07.22"]
[EventType "swiss"]
[EventRounds "9"]
[EventCountry "DEN"]
[SourceTitle "Live v. Obro Skakforening"]

1. d4   d5  2. c4   e6  3. Nc3   c6  4. e4   dxe4  5. Nxe4   Bb4+  6. Nc3   c5  7. a3   Ba5  8. Be3   Ne7  9. Ne2   cxd4  10. Qxd4  10... Nf5  11. Qxd8+   Bxd8  12. Bd2   Nc6  13. Ne4   Be7  14. Bc3   e5  15. f4   Ne3  16. Kf2   Ng4+  17. Kg3   f5  18. Nf2   h5  19. h4   g5  20. Nxg4  20... hxg4  21. fxe5   Bc5  22. e6   f4+  23. Kxg4   Bxe6+  24. Kf3   g4+  25. Ke4   O-O  26. Nxf4   Bf5+  27. Kd5   Be3  28. c5   Bxf4  29. Kc4   Be6+  30. Kd3  30... Bb3  31. Bd2   Be5  32. Bg5   Rf7  33. Be2   Rd7+  34. Ke3   Bd4+  35. Kf4   Rf8+  36. Kxg4   Be6+  0-1

[Event "Oebro CXU International 2024"]
[Site "Copenhagen"]
[Date "2024.07.24"]
[Round "4.3"]
[White "Hector, Jonny"]
[Black "Falkesgaard, Jeppe Hald"]
[Result "1-0"]
[WhiteElo "2410"]
[BlackElo "2321"]
[WhiteFideId "1700090"]
[BlackFideId "1464981"]
[EventDate "2024.07.22"]
[EventType "swiss"]
[EventRounds "9"]
[EventCountry "DEN"]
[SourceTitle "Live v. Obro Skakforening"]

1. e4   c5  2. Nf3   Nc6  3. Bb5   e6  4. O-O   Nge7  5. Re1   a6  6. Bf1   d5  7. exd5   Nxd5  8. d4   Nf6  9. Be3   Be7  10. c4  10... O-O  11. Nc3   cxd4  12. Nxd4   Bd7  13. a3   Qc7  14. Nb3   Ne5  15. Bf4   Bd6  16. c5   Nf3+  17. Qxf3   Bxf4  18. g3   Be5  19. Rac1   Bc6  20. Qe3  20... Nd7  21. Nd4   Bxd4  22. Qxd4   Rfd8  23. b4   Nf6  24. Qh4   Rd2  25. a4   Rad8  26. b5   axb5  27. axb5   R8d4  28. Qg5   Be4  29. Nxe4   Nxe4  30. Rxe4  1-0

[Event "Oebro CXU International 2024"]
[Site "Copenhagen"]
[Date "2024.07.24"]
[Round "4.4"]
[White "Heimisson, Hilmir Freyr"]
[Black "Liu, Casper Yukun"]
[Result "0-1"]
[WhiteElo "2392"]
[BlackElo "2316"]
[WhiteFideId "2309998"]
[EventDate "2024.07.22"]
[EventType "swiss"]
[EventRounds "9"]
[EventCountry "DEN"]
[SourceTitle "Live v. Obro Skakforening"]

1. e4   c6  2. d4   d5  3. e5   Bf5  4. h4   h5  5. Bd3   Bxd3  6. Qxd3   Qa5+  7. Nd2   e6  8. Nf3   Nh6  9. O-O   Nf5  10. Nb3  10... Qb5  11. Qd1   b6  12. a4   Qa6  13. a5   Qb7  14. Bg5   c5  15. axb6   axb6  16. Rxa8   Qxa8  17. Qa1   Qa6  18. Qxa6   Nxa6  19. Ra1   Nc7  20. Ra7  20... Kd7  21. Rb7   c4  22. Nc1   Bb4  23. Na2   Ba5  24. b4   cxb3  25. cxb3   Kc8  26. Ra7   Kb8  27. Rxc7   Kxc7  28. b4   Kc6  29. Kf1   Kb5  30. Bd2  30... Rc8  31. bxa5   bxa5  32. Nc3+   Kc4  33. Na4   Kb5  34. Nc3+   Kc4  35. Na4   Rb8  36. Ke2   Rb3  37. Kd1   Nxd4  38. Nxd4   Kxd4  39. Kc2   Ra3  40. Bc3+  40... Kc4  41. Nb6+   Kc5  42. Kb2   Rxc3  43. Na4+   Kd4  44. Nxc3   Kxe5  45. Nb5   d4  46. Kb3   Kd5  47. Na3   Kc5  48. Nb1   e5  49. Nd2   Kb5  50. Ne4  50... a4+  51. Kc2   Kb4  52. f4   exf4  53. Nf2   a3  54. Nd3+   Kc4  55. Ne5+   Kd5  56. Nf3   Ke4  57. Kb3   Ke3  58. Kxa3   Kf2  59. Nxd4   Kxg2  60. Ne2  60... f3  61. Nf4+   Kh2  62. Nd3   Kg3  0-1

[Event "Oebro CXU International 2024"]
[Site "Copenhagen"]
[Date "2024.07.24"]
[Round "4.5"]
[White "Ravi, Rakshitta"]
[Black "Shivakumar, Shawnak"]
[Result "1-0"]
[WhiteElo "2308"]
[BlackElo "2323"]
[WhiteFideId "25073230"]
[BlackFideId "30940192"]
[EventDate "2024.07.22"]
[EventType "swiss"]
[EventRounds "9"]
[EventCountry "DEN"]
[SourceTitle "Live v. Obro Skakforening"]

1. e4   e6  2. d4   d5  3. Nc3   Nf6  4. e5   Nfd7  5. Nce2   c5  6. c3   Nc6  7. Nf3   Qb6  8. a3   a5  9. h4   f6  10. exf6  10... Nxf6  11. g3   cxd4  12. cxd4   e5  13. Nxe5   Nxe5  14. dxe5   Ng4  15. Nd4   Bc5  16. Bb5+   Kd8  17. Bg5+   Kc7  18. Rc1   Kb8  19. Rxc5   Qxc5  20. e6  20... Bxe6  21. O-O   Qc8  22. Qd2   Ra7  23. Rc1   Qg8  24. Nc6+   bxc6  25. Bf4+   Kc8  26. Rxc6+   Kd8  27. Qd4   Re7  28. Qb6+   Ke8  29. Rxe6+   Kf7  30. Rxe7+  30... Kxe7  31. Qd6+   Kf7  32. Qxd5+  1-0

[Event "Oebro CXU International 2024"]
[Site "Copenhagen"]
[Date "2024.07.24"]
[Round "4.6"]
[White "Ramsdal, Jens Albert"]
[Black "Aczel, Gergely"]
[Result "1-0"]
[WhiteElo "2351"]
[BlackElo "2498"]
[WhiteFideId "1429221"]
[BlackFideId "727709"]
[EventDate "2024.07.22"]
[EventType "swiss"]
[EventRounds "9"]
[EventCountry "DEN"]
[SourceTitle "Live v. Obro Skakforening"]

1. c4   e6  2. Nf3   d5  3. e3   Nf6  4. b3   b6  5. Bb2   Bb7  6. Nc3   Nbd7  7. cxd5   exd5  8. Rc1   a6  9. Ne2   Rc8  10. Ng3  10... g6  11. Be2   h5  12. O-O   h4  13. Nh1   Bd6  14. Ng5   Qe7  15. f4   Ba3  16. Bxa3   Qxa3  17. f5   Qxa2  18. fxg6   fxg6  19. Nf2   Qa3  20. Bd3  20... Ke7  21. Nfh3   Qd6  22. Nf4   Ne5  23. Qe2   h3  24. Nfxh3   Ne4  25. Rf4   Rcf8  26. Nxe4   dxe4  27. Bxe4   Bxe4  28. Rxe4   Kf7  29. d4   Nd7  30. Qc4+  30... Kf6  31. Qxc7   Qxc7  32. Rxc7   Rd8  33. Rc6+   Kg7  34. Nf4   Rde8  35. Rxg6+   Kf7  36. Rge6   Rxe6  37. Rxe6   Rc8  38. Rd6   Nf6  39. h3   Rc1+  40. Kh2  40... b5  41. Rxa6   Rb1  42. b4   Ne4  43. Nd5  1-0

[Event "Oebro CXU International 2024"]
[Site "Copenhagen"]
[Date "2024.07.24"]
[Round "4.7"]
[White "Sengupta, Deep"]
[Black "Nielsen, Viktor Haarmark"]
[Result "1/2-1/2"]
[WhiteElo "2491"]
[BlackElo "2364"]
[WhiteFideId "5008352"]
[BlackFideId "1444492"]
[EventDate "2024.07.22"]
[EventType "swiss"]
[EventRounds "9"]
[EventCountry "DEN"]
[SourceTitle "Live v. Obro Skakforening"]

1. e4   e5  2. Nf3   Nc6  3. Bc4   Nf6  4. d3   Be7  5. O-O   d6  6. a4   Na5  7. Ba2   c5  8. Ng5   O-O  9. f4   exf4  10. Bxf4  10... Nc6  11. Nc3   Nd4  12. Qd2   h6  13. Nf3   Ne6  14. Bg3   Bd7  15. e5   dxe5  16. Nxe5   Ng5  17. Ng6   Re8  18. Be5   Ng4  19. Nxe7+   Qxe7  20. Bf4  20... Ne6  21. h3   Nxf4  22. Qxf4   Nf6  23. Ne4   Be6  24. Bxe6   Qxe6  25. Nxf6+   Qxf6  26. Qxf6   gxf6  27. Rxf6   Kg7  28. Raf1   Re7  29. R1f4   Rd8  30. R6f5  30... b6  31. Rg4+   Kh7  32. Rf6   Rd5  33. Rh4   Kg7  34. Rf2   Re1+  35. Kh2   Rd4  36. Rhf4   Rxf4  37. Rxf4   Re2  38. Rc4   f5  39. Kg3   Kf6  40. Kf3  40... Rd2  41. a5   Ke5  42. axb6   axb6  43. g4   fxg4+  44. Kxg4   Kd5  45. b4   cxb4  46. Rxb4   Rxc2  47. Rxb6   Rc3  48. h4   Rxd3  49. Kh5   Rh3  50. Rxh6  50... Ke5  51. Kg6   Rg3+  52. Kf7   Kf5  53. h5   Rh3  54. Kg7   Kg5  55. Rg6+   Kxh5  56. Rh6+   Kg4  57. Rxh3   Kxh3 1/2-1/2

[Event "Oebro CXU International 2024"]
[Site "Copenhagen"]
[Date "2024.07.24"]
[Round "4.8"]
[White "Kistrup, Nicolai"]
[Black "Colbow, Collin"]
[Result "1-0"]
[WhiteElo "2367"]
[BlackElo "2413"]
[WhiteFideId "1444816"]
[BlackFideId "16201132"]
[EventDate "2024.07.22"]
[EventType "swiss"]
[EventRounds "9"]
[EventCountry "DEN"]
[SourceTitle "Live v. Obro Skakforening"]

1. e4   c5  2. c3   Nf6  3. e5   Nd5  4. Nf3   e6  5. d4   cxd4  6. cxd4   d6  7. Bc4   Be7  8. O-O   O-O  9. Re1   a6  10. exd6  10... Bxd6  11. h3   Nd7  12. Bg5   Qc7  13. Bxd5   exd5  14. Nc3   Qc4  15. Rc1   Bb8  16. Be7   Re8  17. Bc5   Rxe1+  18. Qxe1   h6  19. b3   Qd3  20. Nxd5  20... Nxc5  21. Qe8+   Kh7  22. Ne7   h5  23. Ng5+   Kh6  24. Nxf7+   Kh7  25. Qg8#  1-0

[Event "Oebro CXU International 2024"]
[Site "Copenhagen"]
[Date "2024.07.24"]
[Round "4.9"]
[White "Hansen, Soren Bech"]
[Black "Egresi, Mate"]
[Result "1/2-1/2"]
[WhiteElo "2252"]
[BlackElo "2377"]
[WhiteFideId "1400681"]
[BlackFideId "738506"]
[EventDate "2024.07.22"]
[EventType "swiss"]
[EventRounds "9"]
[EventCountry "DEN"]
[SourceTitle "Live v. Obro Skakforening"]

1. e4   d6  2. d4   Nf6  3. Nc3   e5  4. Nf3   Nbd7  5. Bc4   Be7  6. O-O   O-O  7. Re1   c6  8. a4   h6  9. Ba2   Re8  10. h3  10... exd4  11. Nxd4   Bf8  12. Bd2   Ne5  13. a5   c5  14. Nf3   Nc6  15. a6   Nb4  16. Bc4   bxa6  17. Nd5   Nbxd5  18. exd5   Bb7  19. Bc3   Ne4  20. Ba5  20... Qf6  21. Qd3   Ng5  22. Nxg5   Qxg5  23. Bd2   Qg6  24. Qxg6   fxg6  25. Bc3   Rxe1+  26. Rxe1   Kf7  27. f4   Be7  28. Kf2   Re8  29. g3   Bf6  30. Rxe8  30... Kxe8  31. Bxf6   gxf6  32. Ke3   Kd8  33. Bb3   Kc7  34. c4   Bc8  35. h4   Bf5  36. Kd2   Kd8  37. Bd1   Ke7  38. g4   Be4  39. g5   hxg5  40. hxg5  40... fxg5  41. fxg5   Kd7  42. Kc3   Kc7  43. Be2   Kb6  44. Kb3   a5  45. Bf1   Bf5  46. Be2   Bb1  47. Bf1   Bf5  1/2-1/2

[Event "Oebro CXU International 2024"]
[Site "Copenhagen"]
[Date "2024.07.24"]
[Round "4.10"]
[White "Jacobsen, Mikkel Manosri"]
[Black "Sriram, Jha"]
[Result "0-1"]
[WhiteElo "2242"]
[BlackElo "2304"]
[WhiteFideId "1444514"]
[BlackFideId "5001668"]
[EventDate "2024.07.22"]
[EventType "swiss"]
[EventRounds "9"]
[EventCountry "DEN"]
[SourceTitle "Live v. Obro Skakforening"]

1. c4   c6  2. g3   d5  3. Nf3   g6  4. Bg2   Bg7  5. O-O   Nf6  6. b3   Ne4  7. d4   O-O  8. Bb2   a5  9. Nc3   Nxc3  10. Bxc3  10... Nd7  11. Rc1   Nf6  12. e3   Bf5  13. Ne5   Ne4  14. Ba1   a4  15. b4   f6  16. Nd3   dxc4  17. Rxc4   Nd6  18. Rc1   Bxd3  19. Qxd3   f5  20. d5  20... Bxa1  21. Rxa1   cxd5  22. Bxd5+   Kg7  23. Rac1   Rc8  24. Rc5   Rf6  25. Rfc1   Qd7  26. Bg2   Rxc5  27. bxc5   Qc7  28. Qd1   Ne4  29. Bxe4   fxe4  30. Qd4  30... Qc6  31. Rb1   Qc8  32. Qxe4   Qxc5  33. Rxb7   Kf7  34. Rd7   a3  35. Qd5+   Qxd5  36. Rxd5   Ra6  37. Kg2   Ke6  38. Rd4   Kf5  39. g4+   Ke5  40. Kg3  40... Ra7  41. Rb4   Ra6  42. h4   Ra7  43. Kf3   Ra6  44. Rb5+   Kf6  45. h5   Kg7  46. Rc5   Ra4  47. Rd5   Kf6  48. Kg3   Ke6  49. Rb5   Kf7  50. h6  50... Ra8  51. g5   Ke6  52. f4   Kd6  53. Kf3   Kc6  54. Re5   Kd6  55. Ke4   Ra4+  56. Kd3   Ra8  57. Kc3   e6  58. Kb4   Ra7  59. Rb5   Kc6  60. Rc5+  60... Kd6  61. Rc3   Kd5  62. Rxa3   Rb7+  63. Kc3   Ke4  64. Kc2   Rc7+  65. Rc3   Ra7  66. a3   e5  67. fxe5   Kf5  68. Kd3   Kxg5  69. Ke4   Kxh6  70. e6  70... Kg5  71. Ke5   Ra5+  72. Kd6   Kf6  73. Rc6   Rxa3  74. e7   Rxe3  75. Rc7   Re6+  0-1

[Event "Oebro CXU International 2024"]
[Site "Copenhagen"]
[Date "2024.07.24"]
[Round "4.11"]
[White "Rakhmangulova, Anastasiya"]
[Black "Buchal, Stephan"]
[Result "1-0"]
[WhiteElo "2295"]
[BlackElo "2211"]
[WhiteFideId "14117479"]
[BlackFideId "4603915"]
[EventDate "2024.07.22"]
[EventType "swiss"]
[EventRounds "9"]
[EventCountry "DEN"]
[SourceTitle "Live v. Obro Skakforening"]

1. e4   g6  2. d4   Bg7  3. Nc3   c6  4. Nf3   d6  5. h3   Nf6  6. Be3   O-O  7. Qd2   Nbd7  8. Bh6   e5  9. O-O-O   Qe7  10. dxe5  10... dxe5  11. h4   Bxh6  12. Qxh6   Ng4  13. Qd2   Qc5  14. h5   Qxf2  15. Bc4   Qxd2+  16. Rxd2   b5  17. Bb3   Nc5  18. Rd6   Bb7  19. hxg6   Nxb3+  20. axb3  20... hxg6  21. Rh4   Ne3  22. Nxe5   Rad8  23. Rxd8   Rxd8  24. Rh8+   Kxh8  25. Nxf7+   Kg7  26. Nxd8   Ba8  27. e5   Nxg2  28. Ne6+   Kf7  29. Nc5   Ne1  30. Kd2  30... Nf3+  31. Ke3   Nxe5  32. Kf4  1-0

[Event "Oebro CXU International 2024"]
[Site "Copenhagen"]
[Date "2024.07.24"]
[Round "4.12"]
[White "Petersen, Peter Birk"]
[Black "Thogersen, Rasmus"]
[Result "0-1"]
[WhiteElo "2156"]
[BlackElo "2309"]
[WhiteFideId "1401696"]
[BlackFideId "1431412"]
[EventDate "2024.07.22"]
[EventType "swiss"]
[EventRounds "9"]
[EventCountry "DEN"]
[SourceTitle "Live v. Obro Skakforening"]

1. e4   c5  2. Nf3   d6  3. d4   cxd4  4. Nxd4   Nf6  5. Nc3   a6  6. Bc4   e6  7. Be3   b5  8. Bb3   Be7  9. Qe2   O-O  10. O-O-O  10... b4  11. Na4   Bd7  12. e5   Nd5  13. Nf5   Nxe3  14. Nxe7+   Qxe7  15. Qxe3   Bxa4  16. Bxa4   d5  17. f4   Nd7  18. f5   Qc5  19. Qg3   Nb6  20. f6  20... g6  21. Qg5   Rfc8  22. Bb3   a5  23. c3   bxc3  24. Rd3   cxb2+  25. Kxb2   a4  26. Qh6   Qf8  27. Qe3   axb3  28. Qxb6   Qa3+  0-1

[Event "Oebro CXU International 2024"]
[Site "Copenhagen"]
[Date "2024.07.24"]
[Round "4.13"]
[White "Veiergang, Oscar Jacob"]
[Black "Thorsen, Adrian Stenstrop"]
[Result "0-1"]
[WhiteElo "2070"]
[BlackElo "2226"]
[BlackFideId "1473760"]
[EventDate "2024.07.22"]
[EventType "swiss"]
[EventRounds "9"]
[EventCountry "DEN"]
[SourceTitle "Live v. Obro Skakforening"]

1. e4   c5  2. Nf3   Nc6  3. b4   cxb4  4. d4   d5  5. exd5   Qxd5  6. c4   bxc3  7. Nxc3   Qa5  8. Rb1   e5  9. Bd2   Bb4  10. Rxb4  10... Qxb4  11. Nb5   Qe7  12. d5   Bg4  13. Qa4   e4  14. Ng5   Rd8  15. dxc6   Rxd2  16. Kxd2   Qxg5+  17. Kc2   Qc5+  18. Nc3   bxc6  19. Qxe4+   Be6  20. Qe3  20... Qxe3  21. fxe3   Nf6  22. Be2   Kd7  23. Rb1   Kc7  24. Bf3   Rd8  25. Rb4   a5  26. Ra4   Kb6  27. Rh4   h5  28. Na4+   Kc7  29. Nc5   g5  30. Ra4  30... Kb6  31. Nxe6   fxe6  32. h3   c5  33. Rc4   e5  34. a3   Re8  35. Rc3   e4  36. Rb3+   Kc7  37. Be2   Rb8  38. Rc3   Kd6  39. Rc4   h4  40. Ra4  40... Ra8  41. Kb3   Kc6  42. Kc2   Kb6  43. Rc4   Rd8  44. Rc3   Nd5  45. Rb3+   Kc7  46. Rb5   Nxe3+  47. Kc3   Kc6  48. Rxa5   Nxg2  49. Ra6+   Kb7  50. Rg6  50... Nf4  51. Rg7+   Kc6  52. Bg4   Rd3+  53. Kc4   Rxa3  54. Rxg5   Ra4+  55. Kb3   Rd4  56. Rf5   Nxh3  57. Bxh3   Rd3+  58. Kc4   Rd4+  59. Kc3   Rd3+  60. Kc4  60... Rxh3  61. Rxc5+   Kd6  62. Rh5   Rd3  63. Rxh4   Ke5  64. Rh5+   Kf4  65. Rh4+   Kf5  66. Rh5+   Kg4  67. Rh8   Rd7  68. Rf8   e3  69. Kc3   Kg3  0-1